Nivel Medio. Modalidad de Artes. Plan Decenal de Educación (Record no. 8690)

MARC details
000 -LEADER
campo de control de longitud fija 00422nam a2200133Ia 4500
001 - NÚMERO DE CONTROL
campo de control 1834
008 - DATOS DE LONGITUD FIJA--INFORMACIÓN GENERAL
campo de control de longitud fija 241024s9999 xx 000 0 und d
082 ## - NÚMERO DE LA CLASIFICACIÓN DECIMAL DEWEY
Número de clasificación RD/372.5/R426n
100 ## - ENTRADA PRINCIPAL--NOMBRE DE PERSONA
Nombre de persona República Dominicana. Secretaría de Estado de Educación, Bellas Artes y Cultos
245 #0 - MENCIÓN DEL TÍTULO
Título Nivel Medio. Modalidad de Artes. Plan Decenal de Educación
260 ## - PUBLICACIÓN, DISTRIBUCIÓN, ETC.
Nombre del editor, distribuidor, etc. Ed. Taller
Fecha de publicación, distribución, etc. 1995
901 ## - ELEMENTOS DE DATOS A LOCAL LDA (RLIN)
a 29/9/2011 12:18:38 p.m.

No items available.

© 2024. Todos los Derechos Reservados. Desarrollado por IDEICE